000 01465nam a2200337 i 4500
003 DO-SdBNP
005 20260306105435.0
007 ta
008 260216b2025 dr ||||| |||| 00| p spa d
020 _a9789945510997
040 _aDO-SdBNP
_bspa
_cBNPHU
_erda
041 _aspa
082 4 _aRD861.4408
_bV732o
_222
100 _aVillegas, Víctor,
_d1924-2011
_eautor
_4aut.
_919658
245 1 3 _aEl oro de los días /
_cVíctor Villegas ; coordinación editorial, Clara Dobarro ; edición, María del Carmen Vicente.
250 _aPrimera edición
264 4 _aSanto Domingo, República Dominicana :
_bEditora Nacional,
_bMinisterio de Cultura; Editora Nacional,
_c©2025.
300 _a141 páginas ;
_c23 cm.
336 _atexto
_btxt
_2rdacontent
337 _asin mediación
_bn
_2rdamedia
338 _avolumen
_bnc
_2rdacarrier
500 _aIncluye datos biográficos del autor en las solapas.
505 _gPresentación, Nan Chevalier -- De diálogos con Simeón -- De Charlotte Amalie o la edad de la provincia -- De botella en el mar -- De botella en el mar 72 -- De poco tiempo después -- De ahora no es ahora -- Otros poemas --
590 _aInventariado, 2026 /LP
650 7 _aPoesía dominicana
_2LEMB
650 7 _aLiteratura dominicana
_2LEMB
700 1 _aDobarro, Clara,
_ecoordinador
_4coord.
_934619
700 1 _aVicente, María del Carmen,
_eeditor
_4ed.
910 _aLP/Validado. Control de calidad MFF
942 _2ddc
_cLBS1
999 _c60331
_d60331